Sports Quiz

Random Sports Quiz

Top Scorers in Senior Football Championship 00-11 Quiz Stats

 Plays Quiz not verified by Sporcle

Score 0/12 Timer 07:00
0 Plays Today
GAA Player % Correct
2009colm cooper
98.1%
2011colm cooper
97.7%
2008john doyle
86.4%
2010john doyle
86.4%
2003peter canavan
81.4%
2005stephen Oneill
78.3%
2001padraic Joyce
73.3%
2004matty Forde
72.9%
2006conor mortimer
60.9%
2007james masters
38.4%
2002oisin mcconville ray Cosgrove
35.3%
2000dara o cinneide
12.4%

You're not logged in!

Compare scores with friends on all Sporcle quizzes.
Join for Free
OR
Log In

You Might Also Like...

Show Comments

Extras

Created Apr 18, 2012ReportNominate
Tags:gaa, GAA Football

Top Quizzes Today


Score Distribution

Your Account Isn't Verified!

In order to create a playlist on Sporcle, you need to verify the email address you used during registration. Go to your Sporcle Settings to finish the process.

Report this User

Report this user for behavior that violates our Community Guidelines.

Details: